000 00631nam a22001937a 4500
999 _c11920
_d11920
003 AR-CdUCM
008 190405b ||||| |||| 00| 0 spa d
040 _aMUNICIPALIDAD PROVINCIAL DEL CUSCO
_cBIBLIOTECA MUNICIPAL DEL CUSCO
082 _a860 /
_bY97
100 _aYunque, Alvaro
_915631
245 _aLa barra de siete ombúes /
260 _aBuenos aires :
_bFuturo,
_c1959.
300 _a126 páginas
_c20 cm
505 _aContenido :Puma -- Estrella federal -- El condenado a muerte -- El pistolero -- Pirata ...
650 _aCuentos
_9217
650 _aLiteratura
_983
942 _2ddc
_cLIBROS
945 _arum
_d2019-04-05